Entry Konu Terimi
001 - KONTROL NUMARASI
- Kontrol alanı: 47130
003 - KONTROL NUMARASI KİMLİĞİ
- Kontrol alanı: TR-BiSEU
005 - SON İŞLEM TARİHİ VE ZAMANI
- Kontrol alanı: 20260207002348.0
008 - SABİT UZUNLUKTAKİ VERİ ÖGELERİ - GENEL BİLGİ
- Sabit uzunlukta kontrol alanı: 260207|| aca||aabn | a|a d
040 ## - KATALOGLAMA KAYNAĞI
- Özgün kataloglama kurumu: TR-BiSEU
- Çeviri kurumu: TR-BiSEU
150 ## - KONU BAŞLIKLARI - KONU TERİMİ
- Konu terimi: Turks--Congresses
670 ## - BİLGİNİN KAYNAĞI
- Bilginin alındığı kaynak: KOHA: (TR-BiSEU)22556: 1926 Bakü Türkoloji Kongresinin 70. yıl Dönümü Toplantısı (1999 Ankara). 47129, 1926 Bakü Türkoloji kongresinin 70. yıl dönümü toplantısı, (29-30 Kasım 1996.
